01306nam a2200301 a 4500001001200000003000800012006001900020007001500039008004100054010001700095020003100112020002700143040002100170035002100191050002400212082001400236245008900250260005200339300002300391504005100414505013300465533015200598650005300750655002900803700002900832710001700861856012600878ebr10587965CaPaEBRm u cr cn|||||||||110505s2011 ilua sbf 001 0 eng d z 2011017081 z9780838911211 (alk. paper) z9780838992869 (e-book) aCaPaEBRcCaPaEBR a(OCoLC)75332398114aZ678b.L4858 2011eb04a025.122300aLibrary management tips that workh[electronic resource] /cCarol Smallwood, editor. aChicago :bAmerican Library Association,c2011. axv, 190 p. :bill. aIncludes bibliographical references and index.0 apt. 1. The manager role -- pt. 2. Running a library -- pt. 3. Information technology -- pt. 4. Staff -- pt. 5. Public relations. aElectronic reproduction.bPalo Alto, Calif. :cebrary,d2011.nAvailable via World Wide Web.nAccess may be limited to ebrary affiliated libraries. 0aLibrary administrationvHandbooks, manuals, etc. 7aElectronic books.2local1 aSmallwood, Carol,d1939-2 aebrary, Inc.40uhttp://site.ebrary.com/lib/rucke/Doc?id=10587965zAn electronic book accessible through the World Wide Web; click to view